00327 a2200109 4500001001000000005001700010008004100027245004600068100001900114773006700133999001700200ART_1271520260410161909.0260409a 10aA picture of male unemployment in Britain1 aNickell, S. J.0 tThe Economic Journalg- Vol. 90, NÂș 360 (dic. 1980)wREV12512 c26608d26608